Sports Quiz

Random Sports Quiz
Score 0/15 Timer 10:00
0 Plays Today
País Futbolista % Correct
ItaliaFilippo Inzaghi
92.4%
UcraniaAndriy Shevchenko
91.1%
HolandaVan Basten
89.2%
BrasilKaka
70.3%
SueciaGunnar Nordahl
43.7%
ItaliaGianni Rivera
41.1%
Italia-BrasilJosé Altafini
27.8%
SueciaNiels Liedholm
27.2%
País Futbolista % Correct
ItaliaAldo Boffi
13.3%
ItaliaPierino Prati
12.7%
ItaliaGiuseppe Santagostino
12%
BélgicaVan Hege
12%
ItaliaPietro Virdis
11.4%
ItaliaAlbertino Bigon
10.8%
ItaliaRenzo Burini
10.1%
Remove Ads.
Support Sporcle.
Get the best of Sporcle when you Go Orange. This ad-free experience offers more features, more stats, and more fun while also helping to support Sporcle. Thank you for becoming a member.

You're not logged in!

Compare scores with friends on all Sporcle quizzes.
OR
Log In

Show Comments

Extras

Created Dec 16, 2018ReportNominate
Tags:del, Equine, gone, Maxïmo, milan, son

Top Quizzes Today


Score Distribution

Your Account Isn't Verified!

In order to create a playlist on Sporcle, you need to verify the email address you used during registration. Go to your Sporcle Settings to finish the process.

Report this User

Report this user for behavior that violates our Community Guidelines.

Details: